<?xml version="1.0" encoding="UTF-8"?>
<record
    xmlns:xsi="http://www.w3.org/2001/XMLSchema-instance"
    xsi:schemaLocation="http://www.loc.gov/MARC21/slim http://www.loc.gov/standards/marcxml/schema/MARC21slim.xsd"
    xmlns="http://www.loc.gov/MARC21/slim">

  <leader>02242nam a22003137a 4500</leader>
  <datafield tag="999" ind1=" " ind2=" ">
    <subfield code="c">21983</subfield>
    <subfield code="d">21983</subfield>
  </datafield>
  <controlfield tag="003">AR-CdUCM</controlfield>
  <controlfield tag="008">190425b           ||||| |||| 00| 0 spa d</controlfield>
  <datafield tag="040" ind1=" " ind2=" ">
    <subfield code="a">MUNICIPALIDAD PROVINCIAL DEL CUSCO</subfield>
    <subfield code="c">BIBLIOTECA MUNICIPAL DEL CUSCO</subfield>
  </datafield>
  <datafield tag="082" ind1=" " ind2=" ">
    <subfield code="a">Rev.FC/N&#xB0;2/1968</subfield>
  </datafield>
  <datafield tag="110" ind1=" " ind2=" ">
    <subfield code="a">Universidad Nacional de San Antonio Abad del Cuzco</subfield>
    <subfield code="9">14483</subfield>
  </datafield>
  <datafield tag="245" ind1=" " ind2=" ">
    <subfield code="a">Revista de la Facultad de Ciencias /</subfield>
    <subfield code="c">Universidad Nacional de San Antonio Abad del Cuzco</subfield>
  </datafield>
  <datafield tag="260" ind1=" " ind2=" ">
    <subfield code="a">Cusco.</subfield>
    <subfield code="b">Garcilaso,</subfield>
    <subfield code="c">1968.</subfield>
  </datafield>
  <datafield tag="300" ind1=" " ind2=" ">
    <subfield code="a">241 p&#xE1;ginas. :</subfield>
    <subfield code="c">235 cm.</subfield>
  </datafield>
  <datafield tag="440" ind1=" " ind2=" ">
    <subfield code="a">Revista de la Facultad de Ciencias.</subfield>
    <subfield code="n">N&#xB0; 2.1968</subfield>
    <subfield code="9">47052</subfield>
  </datafield>
  <datafield tag="505" ind1=" " ind2=" ">
    <subfield code="a">Contenido: Notas acerca de prosopis strombulifera. Cesar Vargas. -- Quir&#xF3;pteros del departamento de Loreto. Ismael Ceballos. -- Contribuci&#xF3;n al conocimiento de los Gaster&#xF3;podos de la Region del Cusco. &#xC1;ngel Flores. -- Apuntes de Neuro-anatom&#xED;a. Guillermo Maravi. -- El fen&#xF3;meno de la salida del sol en Tres Cruces. Luis Olazo Olivera. -- Control del gorgojo de los andes en el cultivo de la papa. Gerardo Molleda. -- Una nueva especie de gram&#xED;nea. Efra&#xED;n Carrillo. -- Variaciones atmosf&#xE9;ricas y comportamiento biol&#xF3;gico de los animales del zool&#xF3;gica Pical durante el eclipse solar ultimo. Palomino Vega. --Variaciones atmosf&#xE9;ricas y comportamiento biol&#xF3;gico de los animales del zool&#xF3;gica Picol durante el eclipse solar ultimo. Palomino Vega. -- Lista preliminar de insectos de departamento de entomolog&#xED;a. Francisco Carrasco. --  Carbono ordinario y el carbono 14. Lucio Bueno. -- Entom&#xF3;logos visitantes. Francisco Carrasco. -- Segunda Reuni&#xF3;n latino americana de fisiolog&#xED;a vegetal y otras actividades cumplidas en la republica Argentina. Horacio Zamalloa. -- Apuntes sobre los nombres quechuas de los biotipos, formaciones y asociaci&#xF3;n vegetales. Felipe Mar&#xED;n.</subfield>
  </datafield>
  <datafield tag="650" ind1=" " ind2=" ">
    <subfield code="a">zoolog&#xED;a</subfield>
    <subfield code="9">47053</subfield>
  </datafield>
  <datafield tag="650" ind1=" " ind2=" ">
    <subfield code="a">Quechua</subfield>
    <subfield code="9">2063</subfield>
  </datafield>
  <datafield tag="650" ind1=" " ind2=" ">
    <subfield code="a">Biolog&#xED;a</subfield>
    <subfield code="9">881</subfield>
  </datafield>
  <datafield tag="700" ind1=" " ind2=" ">
    <subfield code="a">Zamalloa Diaz, Horacio,</subfield>
    <subfield code="9">46081</subfield>
  </datafield>
  <datafield tag="700" ind1=" " ind2=" ">
    <subfield code="a">Vargas, Cesar.</subfield>
    <subfield code="9">45886</subfield>
  </datafield>
  <datafield tag="700" ind1=" " ind2=" ">
    <subfield code="a">Flores, &#xC1;ngel</subfield>
    <subfield code="9">31048</subfield>
  </datafield>
  <datafield tag="700" ind1=" " ind2=" ">
    <subfield code="a">Maravi, Guillermo</subfield>
    <subfield code="9">47054</subfield>
  </datafield>
  <datafield tag="700" ind1=" " ind2=" ">
    <subfield code="a">Olazo Olivera, Luis </subfield>
    <subfield code="9">47055</subfield>
  </datafield>
  <datafield tag="700" ind1=" " ind2=" ">
    <subfield code="a">Molleda, Gerardo</subfield>
    <subfield code="9">19319</subfield>
  </datafield>
  <datafield tag="700" ind1=" " ind2=" ">
    <subfield code="a">Carrillo, Efra&#xED;n</subfield>
    <subfield code="9">47056</subfield>
  </datafield>
  <datafield tag="700" ind1=" " ind2=" ">
    <subfield code="a">Mar&#xED;n, Felipe</subfield>
    <subfield code="9">47057</subfield>
  </datafield>
  <datafield tag="942" ind1=" " ind2=" ">
    <subfield code="2">ddc</subfield>
    <subfield code="c">PP</subfield>
  </datafield>
  <datafield tag="945" ind1=" " ind2=" ">
    <subfield code="a">rac</subfield>
  </datafield>
  <datafield tag="952" ind1=" " ind2=" ">
    <subfield code="0">0</subfield>
    <subfield code="2">ddc</subfield>
    <subfield code="4">0</subfield>
    <subfield code="7">0</subfield>
    <subfield code="a">HEM</subfield>
    <subfield code="b">HEM</subfield>
    <subfield code="c">CART</subfield>
    <subfield code="d">2022-02-01</subfield>
    <subfield code="g">5.00</subfield>
    <subfield code="o">Rev.FC/N&#xB0;2/1968</subfield>
    <subfield code="p">REVC000493</subfield>
    <subfield code="r">2022-02-01</subfield>
    <subfield code="y">PP</subfield>
  </datafield>
  <datafield tag="952" ind1=" " ind2=" ">
    <subfield code="0">0</subfield>
    <subfield code="2">ddc</subfield>
    <subfield code="4">0</subfield>
    <subfield code="7">0</subfield>
    <subfield code="a">HEM</subfield>
    <subfield code="b">HEM</subfield>
    <subfield code="c">CART</subfield>
    <subfield code="d">2022-02-01</subfield>
    <subfield code="g">5.00</subfield>
    <subfield code="o">Rev.FC/N&#xB0;2/1968/e.2</subfield>
    <subfield code="p">REVC000494</subfield>
    <subfield code="r">2022-02-01</subfield>
    <subfield code="y">PP</subfield>
  </datafield>
</record>
